000 00478nam a2200169Ia 4500
003 GCL
008 140319s9999 xx 000 0 eng d
040 _aGCL /
_cGCL
082 0 4 _a005.265
_bA I
100 1 _aAPPLE COMPUTER
245 1 0 _aINSIDE MACHENTOISH : AN APPLICATION INTERFACES /
_cAPPLE COMPUTER
260 _a[S.N] :
_bADDISON - WESLEY PUBLISHING COMPANY ،
_c1994
650 0 4 _aCOMPUTER
650 0 4 _aAPPLICATION SOFTWARE
650 0 4 _aMACINTOSH
942 _2ddc
_cBK
999 _c10281
_d10281